Biblioteca

El otro Cristo español : Un estudio de la historia espiritual de España e hispanoamérica / Juan A. Mackay (Registro nro. 39495)

Detalles MARC
000 -LÍDER
Campo fijo de descripción fija 006760000a22001930004500
041 0# - CÓDIGO DE IDIOMA
Código de idioma para texto/pista de sonido o título separado
082 04 - NÚMERO DE CLASIFICACIÓN DECIMAL DEWEY
Número de clasificación G 278 M1533q
001 - NÚMERO DE CONTROL
Campo de control 9524
100 1# - ASIENTO PRINCIPAL--NOMBRE PERSONAL
Nombre personal Mackay, Juan A. (Alexander) (1889-)
245 10 - TÍTULO
Título del Material El otro Cristo español : Un estudio de la historia espiritual de España e hispanoamérica / Juan A. Mackay
250 ## - MENCIÓN DE EDICIÓN
Mención de edición 3
260 ## - PUBLICACIÓN, DISTRIBUCIÓN, ETC. (PIE DE IMPRENTA)
Lugar de publicación, distribución, etc. México : Casa Unida de Publicaciones
300 ## - DESCRIPCIÓN FÍSICA
Extensión 330 Pag
336 ## - CONTENT TYPE
Content type term texto
Content type code txt
Source rdacontent
337 ## - MEDIA TYPE
Source rdamedia
Media type term sin mediación
Media type code n
338 ## - CARRIER TYPE
Source rdacarrier
Carrier type term volumen
Carrier type code nc
650 14 - ASIENTO SECUNDARIO DE MATERIA - TERMINO TEMÁTICO
Término temático o nombre geográfico como elemento de entrada IGLESIA CATOLICA EN AMERICA DEL SUR \ IGLESIA CATOLICA EN ESPAÑA \ MISIONES - AMERICA DEL SUR \ AMERICA DEL SUR - RELIGION
942 ## - TIPO DE MATERIAL (KOHA)
Tipo de Item KOHA Libros General
Existencias
Estado de Material Estado de Perdido Forma de Clasificación Estado de Dañado No para Préstamo Colección Tomo Biblioteca de Origen Biblioteca Permanente Fecha de Adquisición Total de Préstamos Total de Renovaciones Signatura Topográfica Código de Barras Última vez visto Última vez Préstado Ejemplar/Existencia Fecha de Remplazo Tipo de Material
    Dewey Decimal Classification     Colección General   Biblioteca FUSBC Biblioteca FUSBC 19/01/2005 2 3 G 278 M1533q 11922 05/03/2024 12/08/2021 2 26/01/2016 Libros General
          Colección General   Biblioteca FUSBC Biblioteca FUSBC 19/01/2005 2 1 G 278 M1533q 7104 23/03/2023 11/03/2023 1 26/01/2016 Libros General
          Colección General   Biblioteca FUSBC Biblioteca FUSBC 19/01/2005 4   G 278 M1533q 11923 19/03/2024 08/03/2024 3 26/01/2016 Libros General

Biblioteca FUSBC | Teléfono: (57+4) 349 88 10 Ext. 141| WhatsApp (+57) 3005338115 
E-mail: biblioteca@unisbc.edu.co | Calle 76 87-14 Robledo Palenque, Medellín, Colombia

Con tecnología Koha